=LDR 00000nam 2200000 4500 =001 INLIS000000000059402 =005 20211111014712 =035 ##$$a 0010-1121000139 =007 ta =008 211111###########################0###### =020 ##$$a 978-602-8593-00-7 =082 ##$$a D.631.4 =084 ##$$a D.631.4 Pro p =245 1#$$a Prospek dan arah pengembngan Agrebisnis : $b Tinjauan Aspek Sumberdaya lahan =300 ##$$a 28 hlm : $b Ilustrasi ; $c 18cm =264 ##$$a jakarta :$b BadanPenelitian dan Pengembngan Pertenian =336 ##$$a teks$2 rdacontent =337 ##$$a lain-lain$2 rdamedia =338 ##$$a lain-lain$2 rdacarrier =990 ##$$a 28412841 =990 ##$$a 28422842